My iron wings / (Record no. 84010)

MARC details
000 -LEADER
fixed length control field 00847nam a22002417a 4500
005 - DATE AND TIME OF LATEST TRANSACTION
control field 20170504113117.0
010 ## - LCCN (DPL NO)
LC control number ENG-109922
020 ## - INTERNATIONAL STANDARD BOOK NUMBER
International Standard Book Number 9788192226651
Terms of availability 599.00
035 ## - SYSTEM CONTROL NUMBER
System control number EN-93455
035 ## - SYSTEM CONTROL NUMBER
System control number B-534519-523
035 ## - SYSTEM CONTROL NUMBER
System control number B-667851
037 ## - SOURCE OF ACQUISITION
Source of stock number/acquisition DBAD/PUB
037 ## - SOURCE OF ACQUISITION
Source of stock number/acquisition Star Pub/Ven
Stock number dpl
082 ## - DEWEY DECIMAL CLASSIFICATION NUMBER
Classification number N
100 ## - MAIN ENTRY--PERSONAL NAME
Personal name Subhashini Dinesh
245 00 - TITLE STATEMENT
Title My iron wings /
Statement of responsibility, etc by Subhashini Dinesh
260 ## - PUBLICATION, DISTRIBUTION, ETC. (IMPRINT)
Place of publication, distribution, etc New Delhi
Name of publisher, distributor, etc Palimpsest Publishing House
Date of publication, distribution, etc 2013
270 ## - ADDRESS
Address 16, Community Centre, Panchsheel Park
City New Delhi
Postal code 110017
300 ## - PHYSICAL DESCRIPTION
Extent 404p.
Dimensions 24cm(Hb)
942 ## - ADDED ENTRY ELEMENTS (KOHA)
Source of classification or shelving scheme Dewey Decimal Classification
Item type English Books
Call number suffix SUB
Classification part N
Holdings
Withdrawn status Lost status Not for loan Collection code Home library Current library Date acquired Source of acquisition Cost, normal purchase price Full call number Barcode Copy number Cost, replacement price Koha item type
      Fiction Ashok Vihar Ashok Vihar 04/05/2017 BPPD/EN/2013-14/AV/16-17/364/15.2.2017/SP/2277/3.3.2017/ 18.3.2017 599.00 N SUB B-667851 1 599.00 English Books
      Fiction Bawana Bawana 21/07/2014 Star Pub/SP3360/27.03.2014/144/25.03.2014/29.03.2014 599.00 N SUB B-534522 1 599.00 English Books
      Fiction Central Library Central Library 21/07/2014 Star Pub/SP3360/27.03.2014/144/25.03.2014/29.03.2014 599.00 N SUB B-534519 1 599.00 English Books
    Not For Loan Fiction D.B.Act.Division D.B.Act.Division 06/05/2014 DBAD / PUB 599.00 S SUB EN-93455 1 599.00 English Books
      Fiction Patel Nagar Patel Nagar 21/07/2014 Star Pub/SP3360/27.03.2014/144/25.03.2014/29.03.2014 599.00 N SUB B-534520 1 599.00 English Books
      Fiction Sarojini Nagar Sarojini Nagar 21/07/2014 Star Pub/SP3360/27.03.2014/144/25.03.2014/29.03.2014 599.00 N SUB B-534521 1 599.00 English Books
      Fiction Shahdara Branch Shahdara Branch 21/07/2014 Star Pub/SP3360/27.03.2014/144/25.03.2014/29.03.2014 599.00 N SUB B-534523 1 599.00 English Books

© Delhi Public Library
Hit Counter
free hit counter